000 00285nam a22001337a 4500
008 170228b xxu||||| |||| 00| 0 eng d
020 _a9780727918055
041 _aeng
080 _a61
100 _a3
101 _aSHM
245 _aCLINICAL EVIDENCE
_cMCGURIE, W.W
942 _2udc
_cBK
999 _c6386
_d6386